000 00959nam a2200265Ia 4500
003 OSt
005 20221005112050.0
006 a|||||r|||| 00| 0
007 ta
008 221004b |||||||| |||| 00| 0 hin d
020 _a817986037X (hbk)
_cINR 250.00
024 _a37720
037 _bBW/1660, 14/03/2018, Bookwell
_cTextual
040 _aCRL
_cCRL
_bhin
041 _2hin
_ahin
082 _aO152,1I00:g, P4
100 _aकुमार कृष्ण, संपा.
245 0 _aकबीर
_b विविध परिपेक्ष्य
246 _aKabīra: vividh paripekṣhya
260 _aशिमला
_bभारतीय उच्च अध्ययन संस्थान भारत
_c2004
300 _a151पृ0
_ccm.
650 _aकबीर
942 _hO152,1I00:g, P4
_cTEXL
_2cc
999 _c1023723
_d1023723